Normal view
MARC view
Entry Personal Name
001 - CONTROL NUMBER
- control field: 496700
003 - CONTROL NUMBER IDENTIFIER
- control field: OSt
005 - DATE AND TIME OF LATEST TRANSACTION
- control field: 20220928140646.0
008 - FIXED-LENGTH DATA ELEMENTS
- fixed length control field: 220928|| aca||aabn | a|a d
040 ## - CATALOGING SOURCE
- Original cataloging agency: OSt
- Transcribing agency: OSt
100 ## - HEADING--PERSONAL NAME
- Personal name: Freeman A J
670 ## - SOURCE DATA FOUND
- Source citation: Work cat.: (OSt)813134: Freeman A J, Proceedings of the 1974 arbeitsgeme inschart magnetismus conference 26-28 march 1974, 1975
